LEADER 05586oam 22015134 450 001 9910975021703321 005 20250426110554.0 010 $a9786613848079 010 $a9781462347193 010 $a1462347193 010 $a9781455242719 010 $a1455242713 010 $a9781283535625 010 $a1283535629 010 $a9781455255757 010 $a1455255750 035 $a(CKB)2550000000102568 035 $a(EBL)3014788 035 $a(SSID)ssj0000657165 035 $a(PQKBManifestationID)11465217 035 $a(PQKBTitleCode)TC0000657165 035 $a(PQKBWorkID)10656179 035 $a(PQKB)11493061 035 $a(MiAaPQ)EBC3014788 035 $a(Au-PeEL)EBL3014788 035 $a(CaPaEBR)ebr10557456 035 $a(CaONFJC)MIL384807 035 $a(OCoLC)793204131 035 $a(IMF)MHAEE1 035 $a(IMF)MHAEA1 035 $aMHAEA1 035 $a(EXLCZ)992550000000102568 100 $a20020129d2004 uf 0 101 0 $aeng 135 $aurcnu|||||||| 181 $ctxt 182 $cc 183 $acr 200 14$aThe Macroeconomics of HIV/AIDS /$fMarkus Haacker 205 $a1st ed. 210 1$aWashington, D.C. :$cInternational Monetary Fund,$d2004. 215 $a1 online resource (363 p.) 300 $aDescription based upon print version of record. 311 08$a9781589063600 311 08$a1589063600 320 $aIncludes bibliographical references at the end of each chapters. 327 $a""Contents""; ""Preface""; ""Foreword""; ""Contributors""; ""1. The Demographic Impact of HIV/AIDS""; ""2. HIV/AIDS: The Impact on the Social Fabric and the Economy""; ""3. Thinking About the Long-Run Economic Costs of AIDS""; ""4. AIDS and the Accumulation and Utilization of Human Capital in Africa""; ""5. The Impact of HIV/AIDS on Poverty and Inequality""; ""6. Welfare Implications of HIV/AIDS""; ""7. The Impact of HIV/AIDS on Government Finance and Public Services""; ""8. Financial Effects of HIV/AIDS on National Social Protection Schemes"" 327 $a""9. An Economic Assessment of Botswana's National Strategic Framework for HIV/AIDS""""10. Impact of the HIV/AIDS Epidemic on the Health Sectors of Developing Countries""; ""Boxes""; ""Figures""; ""Tables"" 330 3 $aThis paper analyzes the macroeconomics of HIV/AIDS. The paper highlights that the mortality and morbidity associated with AIDS make it unlike most other types of sickness and disease. The paper describes the most common approaches used in accounting for growth in the context of an HIV/AIDS epidemic. The impact of HIV/AIDS on education and the accumulation of human capital is discussed. The paper also discusses the impact of HIV/AIDS on the public sector, and elaborates certain demographic events specific to the HIV/AIDS pandemic. 410 0$aBooks 606 $aAIDS (Disease)$xEconomic aspects$zDeveloping countries 606 $aAIDS (Disease)$xEconomic aspects$zDeveloping countries$vStatistics 606 $aLabor$2imf 606 $aMacroeconomics$2imf 606 $aDiseases: AIDS and HIV$2imf 606 $aHealth Policy$2imf 606 $aHealth Behavior$2imf 606 $aHealth: General$2imf 606 $aAnalysis of Health Care Markets$2imf 606 $aPersonal Income, Wealth, and Their Distributions$2imf 606 $aHuman Capital$2imf 606 $aSkills$2imf 606 $aOccupational Choice$2imf 606 $aLabor Productivity$2imf 606 $aEducation: General$2imf 606 $aHIV/AIDS$2imf 606 $aHealth economics$2imf 606 $aLabour$2imf 606 $aincome economics$2imf 606 $aHealth systems & services$2imf 606 $aEducation$2imf 606 $aHIV and AIDS$2imf 606 $aHealth$2imf 606 $aHealth care$2imf 606 $aPersonal income$2imf 606 $aHuman capital$2imf 606 $aNational accounts$2imf 606 $aHIV$2imf 606 $aViruses$2imf 606 $aIncome$2imf 606 $aMedical care$2imf 606 $aHiv and AIDS$2imf 606 $aHiv$2imf 606 $aHiv/AIDS$2imf 606 $aIncome economics$2imf 607 $aBotswana$2imf 615 0$aAIDS (Disease)$xEconomic aspects 615 0$aAIDS (Disease)$xEconomic aspects 615 7$aLabor 615 7$aMacroeconomics 615 7$aDiseases: AIDS and HIV 615 7$aHealth Policy 615 7$aHealth Behavior 615 7$aHealth: General 615 7$aAnalysis of Health Care Markets 615 7$aPersonal Income, Wealth, and Their Distributions 615 7$aHuman Capital 615 7$aSkills 615 7$aOccupational Choice 615 7$aLabor Productivity 615 7$aEducation: General 615 7$aHIV/AIDS 615 7$aHealth economics 615 7$aLabour 615 7$aincome economics 615 7$aHealth systems & services 615 7$aEducation 615 7$aHIV and AIDS 615 7$aHealth 615 7$aHealth care 615 7$aPersonal income 615 7$aHuman capital 615 7$aNational accounts 615 7$aHIV 615 7$aViruses 615 7$aIncome 615 7$aMedical care 615 7$aHiv and AIDS 615 7$aHiv 615 7$aHiv/AIDS 615 7$aIncome economics 676 $a362.196/9792/0091724 700 $aHaacker$b Markus$01815920 712 02$aInternational Monetary Fund. 801 0$bDcWaIMF 906 $aBOOK 912 $a9910975021703321 996 $aThe Macroeconomics of HIV$94371542 997 $aUNINA LEADER 02096nam 2200445z- 450 001 9910557602103321 005 20211118 035 $a(CKB)5400000000045382 035 $a(oapen)https://directory.doabooks.org/handle/20.500.12854/74377 035 $a(oapen)doab74377 035 $a(EXLCZ)995400000000045382 100 $a20202111d2020 |y 0 101 0 $aeng 135 $aurmn|---annan 181 $ctxt$2rdacontent 182 $cc$2rdamedia 183 $acr$2rdacarrier 200 00$aAdvances in Asphalt Emulsion Materials for Cold Paving Technologies 210 $cFrontiers Media SA$d2020 215 $a1 online resource (129 p.) 311 08$a2-88966-248-9 330 $aThis eBook is a collection of articles from a Frontiers Research Topic. Frontiers Research Topics are very popular trademarks of the Frontiers Journals Series: they are collections of at least ten articles, all centered on a particular subject. With their unique mix of varied contributions from Original Research to Review Articles, Frontiers Research Topics unify the most influential researchers, the latest key findings and historical advances in a hot research area! Find out more on how to host your own Frontiers Research Topic or contribute to one as an author by contacting the Frontiers Editorial Office: frontiersin.org/about/contact 606 $aCivil engineering, surveying & building$2bicssc 606 $aMechanical engineering & materials$2bicssc 610 $aAsphalt emulsion 610 $aChemical and physical mechanisms 610 $aCold asphalt emulsion mixture 610 $aMechanical properties 615 7$aCivil engineering, surveying & building 615 7$aMechanical engineering & materials 700 $aOuyang$b Jian$4edt$01325555 702 $aTan$b Yiqiu$4edt 702 $aP$b Dae-Wook$4edt 702 $aOuyang$b Jian$4oth 702 $aTan$b Yiqiu$4oth 702 $aP$b Dae-Wook$4oth 906 $aBOOK 912 $a9910557602103321 996 $aAdvances in Asphalt Emulsion Materials for Cold Paving Technologies$93036958 997 $aUNINA